000 00605nam a2200217Ia 4500
003 OSt
005 20230508064847.0
008 210423s2000 xx 000 0 und d
040 _cAL
041 _aeng
082 _a361.3
_223
_bFONS
100 _aFONTANA (David)
_999741
245 _aProblems in practice: social skills at work
260 _aNew Delhi
_bUniversities Press
_c2000
300 _axi,89
_bPB
365 _b110
_cINR
650 _aSocial Problems & Services
_999742
650 _aSocial Work
_999743
906 _aat ; practice: ; Problems ; skills ; social ; work
942 _2ddc
_cBK
999 _c171381
_d171381